[Event "Ruhrgebiet Verbandsklasse Gruppe 1 1718"]
[Site "Germany"]
[Date "2017.12.03"]
[Round "4.7"]
[White "Potyrala, Lukasz Rafal"]
[Black "Seppelfricke, Guido"]
[Result "0-1"]
[WhiteElo "1670"]
[BlackElo "1790"]
[PlyCount "64"]
[EventDate "2017.09.17"]
[EventType "team-tourn"]
[EventRounds "9"]
[EventCountry "GER"]
[SourceTitle "EXT 2022"]
[Source "ChessBase"]
[SourceDate "2021.10.06"]
[SourceVersion "1"]
[SourceVersionDate "2021.10.06"]
[SourceQuality "1"]
[WhiteTeam "Dortmund FS"]
[BlackTeam "Buer SF"]
[WhiteTeamCountry "GER"]
[BlackTeamCountry "GER"]

1. d4 d5 2. Nf3 Nf6 3. Bf4 c6 4. c3 Bf5 5. e3 Nbd7 6. Bd3 Bxd3 7. Qxd3 e6 8. Nbd2 Be7 9. h3 Qb6 10. b3 c5 11. 0-0 0-0 12. Ne5 Nxe5 13. dxe5 Ne8 14. Nf3 Nc7 15. Bg5 Bxg5 16. Nxg5 g6 17. f4 Rac8 18. g4 c4 19. Qd2 cxb3 20. axb3 Qxb3 21. Rfb1 Qc4 22. Rb4 Qc5 23. Rxb7 Nb5 24. Ra5 a6 25. Rxa6 Ra8 26. Rab6 Ra1+ 27. Kg2 Nxc3 28. Rb2 Qc4 29. Qf2 Nd1 30. Qe1 Nxb2 31. Qxa1 Qe2+ 32. Kh1 Nd3 0-1

[Event "Ruhrgebiet Verbandsklasse Gruppe 1 1617"]
[Site "Germany"]
[Date "2016.09.04"]
[Round "1.6"]
[White "Prigge, Juergen"]
[Black "Potyrala, Lukasz Rafal"]
[Result "1/2-1/2"]
[WhiteElo "1717"]
[BlackElo "1654"]
[PlyCount "132"]
[EventDate "2016.09.04"]
[EventType "team-tourn"]
[EventRounds "9"]
[EventCountry "GER"]
[SourceTitle "EXT 2022"]
[Source "ChessBase"]
[SourceDate "2021.10.06"]
[SourceVersion "1"]
[SourceVersionDate "2021.10.06"]
[SourceQuality "1"]
[WhiteTeam "Guennigfeld SV"]
[BlackTeam "Dortmund FS"]
[WhiteTeamCountry "GER"]
[BlackTeamCountry "GER"]

1. d4 e6 2. Nf3 b6 3. Bf4 Bb7 4. Nbd2 Nf6 5. h3 d5 6. e3 Bd6 7. Bxd6 cxd6 8. c4 0-0 9. cxd5 Nxd5 10. a3 Nd7 11. Bd3 h6 12. 0-0 f5 13. Qe2 N7f6 14. Rac1 Rc8 15. Ba6 Bxa6 16. Qxa6 Rc7 17. Rc4 Qd7 18. Rfc1 Rfc8 19. Rxc7 Rxc7 20. Rxc7 Qxc7 21. Qc4 Qd7 22. a4 g5 23. b3 Ne7 24. Qc2 Nc6 25. Qc4 Kf7 26. Kf1 Ke7 27. Ke2 Na5 28. Qc2 Qb7 29. Ne1 h5 30. b4 Nc6 31. b5 Nb4 32. Qc4 Nfd5 33. Nb1 g4 34. hxg4 hxg4 35. Nc3 Kd7 36. Nxd5 Nxd5 37. Kf1 g3 38. Nd3 gxf2 39. Kxf2 Qc7 40. Qxc7+ Kxc7 41. Nb2 Nc3 42. Ke1 Kd7 43. Kf2 e5 44. Ke1 Ke6 45. Kd2 Ne4+ 46. Kd3 Kd5 47. Nd1 exd4 48. exd4 f4 49. Nb2 Ng3 50. Nd1 Ne4 51. Nb2 Nf2+ 52. Ke2 Ng4 53. Kf3 Ne3 54. g4 Kxd4 55. g5 Nd5 56. g6 Kc3 57. g7 Nf6 58. Nd1+ Kb3 59. Kxf4 Kxa4 60. Kf5 Ng8 61. Ke6 Kxb5 62. Kxd6 a5 63. Kd5 Kb4 64. Ke6 a4 65. Kf7 Nh6+ 66. Kg6 Ng8 1/2-1/2

[Event "Ruhrgebiet Verbandsliga Gruppe 1 1516"]
[Site "Germany"]
[Date "2016.03.20"]
[Round "8.7"]
[White "Potyrala, Lukasz Rafal"]
[Black "Funke, Eckhard"]
[Result "1/2-1/2"]
[WhiteElo "1588"]
[BlackElo "1794"]
[PlyCount "100"]
[EventDate "2015.09.06"]
[EventType "team-tourn"]
[EventRounds "9"]
[EventCountry "GER"]
[SourceTitle "EXT 2022"]
[Source "ChessBase"]
[SourceDate "2021.10.06"]
[SourceVersion "1"]
[SourceVersionDate "2021.10.06"]
[SourceQuality "1"]
[WhiteTeam "Dortmund FS"]
[BlackTeam "Hoentrop SG"]
[WhiteTeamCountry "GER"]
[BlackTeamCountry "GER"]

1. d4 d5 2. Nf3 Nf6 3. Bf4 Bf5 4. e3 e6 5. Bd3 Bxd3 6. Qxd3 c6 7. Nbd2 Bd6 8. Ne5 Qc7 9. Bg3 Nbd7 10. f4 c5 11. c3 cxd4 12. exd4 Nh5 13. Ndf3 f6 14. Nxd7 Qxd7 15. Qd2 0-0-0 16. 0-0-0 Qc7 17. Kb1 Bxf4 18. Bxf4 Qxf4 19. Qe2 Qe4+ 20. Qxe4 dxe4 21. Nd2 f5 22. Nc4 Nf4 23. Ne5 Rhf8 24. g3 Ng6 25. Nxg6 hxg6 26. Kc2 Kd7 27. Kd2 Ke7 28. Ke3 Kf6 29. c4 Rc8 30. Rc1 Rfd8 31. Rhd1 Rd6 32. b3 Rdc6 33. Rd2 b5 34. c5 a5 35. a3 e5 36. b4 exd4+ 37. Rxd4 axb4 38. axb4 Ra8 39. Rcd1 Ra3+ 40. Ke2 Ra2+ 41. R1d2 Rxd2+ 42. Kxd2 Ke7 43. Ke3 g5 44. Rd5 g6 45. Rd4 Ke6 46. Rd8 Ke5 47. Re8+ Re6 48. Rf8 Kd5 49. Rd8+ Kc6 50. Rf8 Kd5 1/2-1/2

[Event "Dortmund Sparkassen op-B"]
[Site "Dortmund"]
[Date "2015.07.03"]
[Round "7"]
[White "Strack, Patrick"]
[Black "Potyrala, Lukasz Rafal"]
[Result "1-0"]
[WhiteElo "1525"]
[BlackElo "1690"]
[PlyCount "55"]
[EventDate "2015.06.27"]
[EventType "swiss"]
[EventRounds "9"]
[EventCountry "GER"]
[SourceTitle "CBM 167 Extra"]
[Source "ChessBase"]
[SourceDate "2015.09.14"]
[SourceVersion "1"]
[SourceVersionDate "2015.09.14"]
[SourceQuality "1"]

1. e4 e6 2. d4 d5 3. e5 c5 4. c3 Nc6 5. Nf3 Qb6 6. Bd3 Bd7 7. Bc2 Rc8 8. 0-0 cxd4 9. cxd4 Nge7 10. Nc3 Nf5 11. Bxf5 exf5 12. Nxd5 Qa5 13. Nc3 Be6 14. Qa4 Bb4 15. Qxa5 Nxa5 16. d5 Bd7 17. Ne2 Bb5 18. Nfd4 Ba6 19. Rd1 Kd7 20. Ng3 Nc4 21. e6+ fxe6 22. dxe6+ Ke8 23. Ndxf5 g6 24. Ne3 Ne5 25. Nd5 Bc5 26. Bg5 Ng4 27. Bh4 Kf8 28. Nc7 1-0

[Event "Dortmund Sparkassen op-B"]
[Site "Dortmund"]
[Date "2015.07.02"]
[Round "6"]
[White "Potyrala, Lukasz Rafal"]
[Black "Savchenko, Daniel"]
[Result "0-1"]
[WhiteElo "1690"]
[BlackElo "1897"]
[PlyCount "96"]
[EventDate "2015.06.27"]
[EventType "swiss"]
[EventRounds "9"]
[EventCountry "GER"]
[SourceTitle "CBM 167 Extra"]
[Source "ChessBase"]
[SourceDate "2015.09.14"]
[SourceVersion "1"]
[SourceVersionDate "2015.09.14"]
[SourceQuality "1"]

1. d4 f5 2. Nf3 e6 3. Bf4 Nf6 4. e3 b6 5. Bd3 Bb7 6. c3 Bd6 7. Bg3 0-0 8. Nbd2 Ne4 9. Bxe4 fxe4 10. Bh4 Be7 11. Bxe7 Qxe7 12. Ne5 d6 13. Nec4 Nd7 14. a4 Qh4 15. Qe2 Rf6 16. g3 Qh3 17. Qf1 Qf5 18. Qg2 e5 19. g4 Qe6 20. b4 exd4 21. cxd4 d5 22. Nb2 Qd6 23. b5 a6 24. g5 Rff8 25. Qf1 axb5 26. Qxb5 Ba6 27. Qb3 Kh8 28. Nd1 Qe6 29. Qc2 Qg4 30. Nf1 Bd3 31. Qb2 Qg2 32. Ng3 Rf3 33. Nc3 Rxg3 34. hxg3 Qxh1+ 35. Kd2 Qf3 36. Nxd5 Qxf2+ 37. Kc3 Qxg3 38. Rh1 Qxg5 39. Qh2 h6 40. Qa2 c6 41. Nb4 Qxe3 42. Qe6 Nf8 43. Qf7 c5 44. dxc5 bxc5 45. Nxd3 Qxd3+ 46. Kb2 Rb8+ 47. Ka1 Qc3+ 48. Ka2 Qb2# 0-1

[Event "Unna op"]
[Site "Unna"]
[Date "2014.12.27"]
[Round "1"]
[White "Tkachuk, Sergij"]
[Black "Potyrala, Lukasz Rafal"]
[Result "1-0"]
[WhiteElo "2176"]
[BlackElo "1595"]
[PlyCount "99"]
[EventDate "2014.12.27"]
[EventType "swiss"]
[EventRounds "7"]
[EventCountry "GER"]
[SourceTitle "CBM 164 Extra"]
[Source "ChessBase"]
[SourceDate "2015.03.02"]
[SourceVersion "1"]
[SourceVersionDate "2015.03.02"]
[SourceQuality "1"]

1. e4 e6 2. d4 d5 3. e5 c5 4. Qg4 cxd4 5. Bd3 Nc6 6. Nf3 Nge7 7. 0-0 Ng6 8. Re1 Be7 9. a3 Bd7 10. b4 Qc7 11. Qg3 a6 12. h4 0-0-0 13. h5 Ngxe5 14. Nxe5 Bd6 15. f4 Bxe5 16. fxe5 f6 17. Bf4 f5 18. Nd2 g5 19. hxg6 hxg6 20. Nf3 Rdg8 21. Ng5 Nd8 22. Qf2 Nc6 23. g3 Rh5 24. Be2 Rhh8 25. Bf3 Nd8 26. Qxd4 Kb8 27. Qc5 Qxc5+ 28. bxc5 Bb5 29. Kg2 Rg7 30. Rh1 Re8 31. Rh6 Ree7 32. Rh8 Be8 33. c3 Kc7 34. Be3 Bb5 35. Rah1 Bd3 36. Rf8 Nc6 37. Rhh8 a5 38. Bd1 Bb5 39. Bd4 Kd7 40. Kf3 Kc7 41. Kf4 Kd7 42. Rf6 a4 43. Bc2 Na5 44. Rff8 Nc6 45. Ra8 Kc7 46. Bxa4 Bxa4 47. Rxa4 Nxd4 48. cxd4 Kc6 49. Rc8+ Kd7 50. Raa8 1-0

[Event "NRW Verbandsklasse Group2 1314"]
[Site "Nordrheinwestfalen"]
[Date "2014.03.09"]
[Round "8.7"]
[White "Potyrala, Lukasz Rafal"]
[Black "Langer, Raimund"]
[Result "1-0"]
[WhiteElo "1628"]
[BlackElo "1839"]
[PlyCount "69"]
[EventDate "2013.09.08"]
[EventType "team-tourn"]
[EventRounds "9"]
[EventCountry "GER"]
[SourceTitle "EXT 2020"]
[Source "ChessBase"]
[SourceDate "2019.10.17"]
[SourceVersion "1"]
[SourceVersionDate "2019.10.17"]
[SourceQuality "1"]
[WhiteTeam "Muelheim Nord IV"]
[BlackTeam "Kirchhellen SF"]
[WhiteTeamCountry "GER"]
[BlackTeamCountry "GER"]

1. d4 Nf6 2. Nf3 e6 3. Bf4 d5 4. e3 c5 5. c3 Nbd7 6. Nbd2 Be7 7. h4 0-0 8. Bd3 Qb6 9. Qb3 c4 10. Qxb6 Nxb6 11. Bc2 Bd7 12. a4 Bc6 13. Ne5 Be8 14. g4 Nbd7 15. g5 Nh5 16. Bh2 Nxe5 17. dxe5 g6 18. Nf3 Ng7 19. Ke2 Bd7 20. Nd4 a6 21. f4 Rfc8 22. Bg3 Bc5 23. Nf3 Bc6 24. Rhd1 Rd8 25. Nh2 Nf5 26. Bf2 Kg7 27. Nf3 b6 28. Bxf5 gxf5 29. h5 Rab8 30. Bh4 Rd7 31. g6 fxg6 32. Bf6+ Kg8 33. hxg6 h6 34. Rh1 Bf8 35. Nd4 1-0